000 00604nam a22002297a 4500
003 UA-OsUOA
001 42769
007 ta
008 20061121b un ||||| |||| 00| 0 ukr d
100 _aФрумкина Р.М.
700 _aГушанский Э.Л.
090 _a159
_bФ-11
942 _cSA
040 _aUA-OsUOA
_brus
_cUA-OsUOA
_dUA-OsUOA
245 _a"Понимающая психопатология" Карла Ясперса
300 _aС.99-112
955 _a0
041 _arus
080 _a159
773 0 _w42768
650 7 _a1 Філософські науки
_2UDC
999 _c328890
_d328890